000 00594nam a2200193Ia 4500
005 20250508165412.0
008 008 250505s9999 xx 000 0 eng d
037 _aDissertations
040 _aFEDL
_beng
_cFEDL
041 _aeng
_2eng
084 _a370.32, YAD/DI
_qFEDL
100 _aYadav Shivani
_9780751
245 0 _aComprehensive study of the NCF 2005 with special reference to the RTE act 2009
260 _c2014
300 _a99p.
546 _aM.Ed. Dissertation, (Delhi University); C D Included
942 _cDIS
_h370.32, YAD/DI
999 _c1394909
_d1394909